Key Management Ratios: The 100+ Ratios Every Mnager Needs to Know (Record no. 9580)
[ view plain ]
| 000 -LEADER | |
|---|---|
| fixed length control field | 00641nam a22002177a 4500 |
| 003 - CONTROL NUMBER IDENTIFIER | |
| control field | OSt |
| 005 - DATE AND TIME OF LATEST TRANSACTION | |
| control field | 20251022143028.0 |
| 008 - FIXED-LENGTH DATA ELEMENTS--GENERAL INFORMATION | |
| fixed length control field | 251022b |||||||| |||| 00| 0 eng d |
| 020 ## - INTERNATIONAL STANDARD BOOK NUMBER | |
| International Standard Book Number | 9780273719090 |
| 040 ## - CATALOGING SOURCE | |
| Transcribing agency | MUST |
| 082 ## - DEWEY DECIMAL CLASSIFICATION NUMBER | |
| Edition number | 4th |
| Classification number | 658 WAL 2008 |
| 100 ## - MAIN ENTRY--PERSONAL NAME | |
| Personal name | Walsh Ciaran |
| 9 (RLIN) | 19485 |
| 245 ## - TITLE STATEMENT | |
| Title | Key Management Ratios: The 100+ Ratios Every Mnager Needs to Know |
| 260 ## - PUBLICATION, DISTRIBUTION, ETC. (IMPRINT) | |
| Place of publication, distribution, etc. | New YORK |
| Name of publisher, distributor, etc. | Prentice |
| Date of publication, distribution, etc. | c2008 |
| 300 ## - PHYSICAL DESCRIPTION | |
| Extent | xiii, 393p.: |
| Other physical details | col.ill. ; |
| Dimensions | 24cm. |
| 504 ## - BIBLIOGRAPHY, ETC. NOTE | |
| Bibliography, etc | includes Appendix, Glossary and Index |
| 650 ## - SUBJECT ADDED ENTRY--TOPICAL TERM | |
| Source of heading or term | Ratio analysis |
| 650 ## - SUBJECT ADDED ENTRY--TOPICAL TERM | |
| Source of heading or term | Management statistical mehods |
| 700 ## - ADDED ENTRY--PERSONAL NAME | |
| Personal name | Ciaran Walsh |
| 9 (RLIN) | 19486 |
| 942 ## - ADDED ENTRY ELEMENTS (KOHA) | |
| Source of classification or shelving scheme | Dewey Decimal Classification |
| Koha item type | Open Shelf |
| Withdrawn status | Lost status | Source of classification or shelving scheme | Damaged status | Not for loan | Home library | Current library | Date acquired | Source of acquisition | Inventory number | Total Checkouts | Full call number | Barcode | Date last seen | Price effective from | Koha item type |
|---|---|---|---|---|---|---|---|---|---|---|---|---|---|---|---|
| Dewey Decimal Classification | MUST Main Library | MUST Main Library | 22/10/2025 | Donation | 11/35115 | 658 WAL 2008 | 2025-0160 | 22/10/2025 | 22/10/2025 | Open Shelf |
